| 000 | 00856cam a2200277 a 4500 | ||
|---|---|---|---|
| 001 | 2029973 | ||
| 003 | OSt | ||
| 005 | 20230620133745.0 | ||
| 008 | 930401s1991 ke 000 0 eng d | ||
| 010 | _a 91982779 | ||
| 020 | _a996688100X | ||
| 035 | _a(OCoLC)25653307 | ||
| 040 |
_aNN _cNN _dIU _dCU _dDLC |
||
| 042 | _alccopycat | ||
| 050 | 0 | 4 |
_aJF2112.C3 _bG58 1991 |
| 082 | 0 | 4 |
_a324.7 _bGIT |
| 100 | 1 |
_aGitonga, A. _q(Afrifa) |
|
| 245 | 1 | 4 |
_aThe science of election campaigning : _bhow to win elections / _cAfrifa K. Gitonga. |
| 260 |
_aNairobi, Kenya : _bCosmopolitan Publishers, _c1991. |
||
| 300 |
_axv, 263 p. ; _c21 cm. |
||
| 650 | 0 | _aCampaign management. | |
| 650 | 0 | _aPolitical campaigns. | |
| 906 |
_a7 _bcbc _ccopycat _d3 _encip _f19 _gy-gencatlg |
||
| 942 |
_2ddc _cBK |
||
| 999 |
_c1736 _d1736 |
||